Library Banner

Journal of Islamic studies (Vol 23, No3) (Record no. 96536)

MARC details
000 -LEADER
fixed length control field 00376nam a22001457a 4500
005 - DATE AND TIME OF LATEST TRANSACTION
control field 20180308115807.0
008 - FIXED-LENGTH DATA ELEMENTS--GENERAL INFORMATION
fixed length control field 170807b xxu||||| |||| 00| 0 eng d
022 ## - INTERNATIONAL STANDARD SERIAL NUMBER
International Standard Serial Number 14716917
040 ## - CATALOGING SOURCE
Transcribing agency PK-LaUMT
082 ## - DEWEY DECIMAL CLASSIFICATION NUMBER
Classification number ZIAC 297.05
Item number JOU-
245 ## - TITLE STATEMENT
Title Journal of Islamic studies (Vol 23, No3)
260 ## - PUBLICATION, DISTRIBUTION, ETC. (IMPRINT)
Place of publication, distribution, etc Oxford:
Name of publisher, distributor, etc Oxford University Press,
Date of publication, distribution, etc 2012
300 ## - PHYSICAL DESCRIPTION
Extent 430 p.
942 ## - ADDED ENTRY ELEMENTS (KOHA)
Koha item type Books
Holdings
Withdrawn status Lost status Damaged status Home library Current library Date acquired Full call number Barcode Date last seen Price effective from Koha item type
      UMT Main Campus UMT Main Campus 2017-08-07 ZIAC 297.05 JOU- 112109 2017-08-07 2017-08-07 Books